Effective acdemic writing
Effective Academic Writing presents the writing modes and rhetorical devices students need to succeed in an academic setting.
保存先:
| 第一著者: | |
|---|---|
| フォーマット: | 図書 |
| 言語: | Undetermined |
| 出版事項: |
New York, NY
Oxford University Press
2001
|
| 主題: | |
| タグ: |
タグ追加
タグなし, このレコードへの初めてのタグを付けませんか!
|
| Thư viện lưu trữ: | Trung tâm Học liệu Trường Đại học Cần Thơ |
|---|
| LEADER | 00850nam a2200217Ia 4500 | ||
|---|---|---|---|
| 001 | CTU_123400 | ||
| 008 | 210402s9999 xx 000 0 und d | ||
| 020 | |c 127000 | ||
| 082 | |a 808.042 | ||
| 082 | |b E27/T2 | ||
| 100 | |a Savage, Alice | ||
| 245 | 0 | |a Effective acdemic writing | |
| 245 | 0 | |c Alice Savage and Patricia Mayer | |
| 260 | |a New York, NY | ||
| 260 | |b Oxford University Press | ||
| 260 | |c 2001 | ||
| 520 | |a Effective Academic Writing presents the writing modes and rhetorical devices students need to succeed in an academic setting. | ||
| 650 | |a English language,Essay,Report writing,English language | ||
| 650 | |x Rhetoric,Problems, exercises, etc.,Authorship,Problems, exercises, etc.,Problems, exercises, etc.,Paragraphs,Problems, exercises, etc. | ||
| 904 | |i Minh | ||
| 980 | |a Trung tâm Học liệu Trường Đại học Cần Thơ | ||